00405nam a2200157Ia 4500003000400000008004100004040001600045082002100061100002200082245004300104260003900147650001500186650001300201650001000214650002300224GCL140319s9999 xx 000 0 eng d aGCL / cGCL04aCHb823.087bR F1 aRANDALL, RONNE P.10aDICK WHITTINGTON / cRANDALL, RONNE P. a[S.N] : bLODYBIRD BOOKS ، c199304aLITERATURE04aCHILDREN04aTALES04aCHILDREN - STORIES